| 000 | 00364nam a2200133Ia 4500 | ||
|---|---|---|---|
| 008 | 130318s9999 xx 000 0 und d | ||
| 020 | _a70663548 | ||
| 082 | _a004.22 HWA/C | ||
| 100 | _aHwang, Kai | ||
| 245 | _aComputer architecture and parallel processing | ||
| 260 |
_bTata McGraw Hill _aNew Delhi _c1984 |
||
| 300 |
_a846 _e1 CD |
||
| 650 | _aCOMPUTER ARCHITECTURE | ||
| 999 |
_c1827 _d1827 |
||